Präsidenten der Ukraine - Statistiken

Allgemein
  • Dieses Quiz wurde 10 mal gespielt
  • Das Durchschnittsergebnis liegt bei 4 aus 7
Antwortstatistiken
Amtszeit Präsident % Korrekt
2014-2019 Petro Poroschenko
88%
1994-2005 Leonid Kutschma
63%
2010-2014 Wiktor Janukowytsch
63%
2005-2010 Wiktor Juschtschenko
63%
2019-heute Wolodymyr Selenskyj
63%
1991-1994 Leonid Krawtschuk
50%
2014-2014 Oleksandr Turtschynow
13%
Keine übereinstimmenden Quizze gefunden
Verteilung der Resultate
Anzahl Personen mit jedem Resultat
Perzentil nach korrekt beantworteten Fragen
Ihre Resultats-Entwicklung
Sie haben dieses Quiz noch nicht gespielt